Труды Ростовского медицинского института. [Т.24]: Сборник научных трудов, посвященных Н.А.Богоразу (Запись № 4475298)

Подробности
000 -МАРКЕР
контрольное поле 01542nam2a22002651 4500
001 - ИДЕНТИФИКАТОР ЗАПИСИ
контрольное поле RU\NLR\IC100\5000000766
005 - ИДЕНТИФИКАТОР ВЕРСИИ
контрольное поле 20250617011646.0
035 ## - ДРУГИЕ СИСТЕМНЫЕ НОМЕРА
Идентификатор записи (NLR Aleph) 002338522
100 ## - ДАННЫЕ ОБЩЕЙ ОБРАБОТКИ
Данные общей обработки 20040127d1967 |||y0rusy50 ca
101 0# - ЯЗЫК РЕСУРСА
Язык текста, звукозаписи и т.д. русский
102 ## - СТРАНА ПУБЛИКАЦИИ ИЛИ ПРОИЗВОДСТВА
Страна публикации Российская Федерация
105 ## - ПОЛЕ КОДИРОВАННЫХ ДАННЫХ: ТЕКСТОВЫЕ МАТЕРИАЛЫ, МОНОГРАФИЧЕСКИЕ
Кодированные данные о монографическом текстовом документе y |||||||||
200 1# - ЗАГЛАВИЕ И СВЕДЕНИЯ ОБ ОТВЕТСТВЕННОСТИ
Основное заглавие Сборник научных трудов, посвященных Н.А.Богоразу
210 ## - ПУБЛИКАЦИЯ, РАСПРОСТРАНЕНИЕ И ДР.
Дата издания, распространения и т.д. 1967
Место издания, распространения и т.д. Б. м.
225 1# - СЕРИЯ
Основное заглавие серии ...
Обозначение тома [Т.24]
Наименование части ...
Обозначение тома [Вып.1]
461 #0 - УРОВЕНЬ НАБОРА
Встроенное поле 001RU\NLR\INFOCOMM55\1000105221
-- 2001#$aТруды Ростовского медицинского института$fМ-во здрав. СССР. Рост. гос. мед. ин-т$v[Т.24]
Системный номер (АБИС) связанной записи 4370966
Автор Ростовский на Дону медицинский институт
Место публикации Ростов н/Д.
Дата публикации 1934-
Первые сведения об ответственности М-во здрав. СССР. Рост. гос. мед. ин-т
Заглавие Труды Ростовского медицинского института
Номер тома [Т.24]
462 #0 - УРОВЕНЬ ПОДНАБОРА
Встроенное поле 001RU\NLR\IC100\5000000765
-- 2001#$aВосстановительная хирургия$fМ-во здрав. СССР. Рост. мед. ин-т$v[Вып.1]
Системный номер (АБИС) связанной записи 4475296
Место публикации Ростов н/Д.
Дата публикации 1967-
Первые сведения об ответственности М-во здрав. СССР. Рост. мед. ин-т
Заглавие Труды Ростовского медицинского института. - Восстановительная хирургия
Номер тома [Вып.1]
801 #1 - ИСТОЧНИК ЗАПИСИ
Страна Российская Федерация
Организация InfoComm
Дата составления 20040127
801 #0 - ИСТОЧНИК ЗАПИСИ
Страна Российская Федерация
Организация NLR
Правила каталогизации PSBO
852 ## - МЕСТОНАХОЖДЕНИЕ И ШИФР ХРАНЕНИЯ
Идентификатор организации NLR
Шифр хранения (Call Number) 67-7/2092
942 ## - ДОПОЛНИТЕЛЬНЫЕ ЭЛЕМЕНТЫ ЗАПИСИ (АБИС)
Тип экземпляра АБИС Выпуск
980 ## - КОЛЛЕКЦИЯ
Название коллекции Национальная библиография
980 ## - КОЛЛЕКЦИЯ
Название коллекции Русская периодика

Нет доступных экземпляров.